Cestuj s Veru : největší zážitky začínají tam, kde končí strach z létání /
Zapomeňte na dokonalé vyfiltrované fotky z Instáče a naleštěné motivační citáty. V téhle knize nenajdete seznam míst, která "musíte" navštívit, ani památky, které je potřeba si povinně odškrtnout. Čeká vás upřímná zpověď holky, která se k smrti bála létání, a přesto se rozhodla sbalit věci...
Uloženo v:
| Hlavní autor: | |
|---|---|
| Další autoři: | |
| Médium: | Kniha |
| Jazyk: | Czech |
| Vydáno: |
Praha :
Práh,
2026
|
| Vydání: | Vydání první |
| Témata: | |
| Celkem bylo vypůjčeno: | 1x |
| Tagy: |
Žádné tagy |
| LEADER | 01718nam-a2200277-i-4500 | ||
|---|---|---|---|
| 001 | 106692 | ||
| 005 | 20260701110955.0 | ||
| 008 | 260626s2026----xr-a----------------cze-- | ||
| 020 | |a 9788076961241 |q (vázáno) : |c Kč 499,00 | ||
| 040 | |b cze |d PEG001 |e rda | ||
| 072 | 7 | |a Česká próza.Česky psaná próza | |
| 100 | 1 | |a Válková, Veronika, |d 1995- |4 aut | |
| 245 | 1 | 0 | |a Cestuj s Veru : |b největší zážitky začínají tam, kde končí strach z létání / |c Veronika Válková |
| 250 | |a Vydání první | ||
| 264 | 1 | |a Praha : |b Práh, |c 2026 | |
| 300 | |a 400 stran : |b barevné ilustrace | ||
| 336 | |a text |b txt |2 rdacontent | ||
| 337 | |a bez média |b n |2 rdamedia | ||
| 338 | |a svazek |b nc |2 rdacarrier | ||
| 520 | 2 | |a Zapomeňte na dokonalé vyfiltrované fotky z Instáče a naleštěné motivační citáty. V téhle knize nenajdete seznam míst, která "musíte" navštívit, ani památky, které je potřeba si povinně odškrtnout. Čeká vás upřímná zpověď holky, která se k smrti bála létání, a přesto se rozhodla sbalit věci a vyrazit do světa. Je to upřímný, sebeironický a místy hluboce dojemný pohled na svět, kde chaos dává smysl a kde se i ten největší strach může proměnit v nejlepší rozhodnutí v životě. Příběh o tom, že cestování nás neučí jen odjíždět, ale hlavně se s vděčností vracet. | |
| 655 | 7 | |a cestopisné prózy |7 fd205190 |2 czenas |9 54594 | |
| 700 | 1 | |a Stará, Anežka, |d 1999- |7 xx0344390 |4 ill |9 117342 | |
| 910 | |a UOG502 | ||
| 942 | |2 ddc |c KN | ||
| 999 | |d 106692 | ||
| 993 | |0 0 |1 421180107417 |2 ddc |4 0 |6 91_000000000000000 |7 0 |9 100195 |b 0 |c 107417 |d 2026-07-01 |e 1 |f DOSP |g 91 |h 499.00 |i Koupě |l DOSP |q 2026-08-14 |r 2026-07-03 |s 2026-07-03 |t 5 |w 2026-07-01 |y KN |z NAUCNA |n | ||